| 000 | 00613nam a2200241Ia 4500 | ||
|---|---|---|---|
| 003 | OSt | ||
| 005 | 20221007101218.0 | ||
| 006 | a|||||r|||| 00| 0 | ||
| 007 | ta | ||
| 008 | 221006b |||||||| |||| 00| 0 eng d | ||
| 024 | _a6,042 | ||
| 037 | _cTextual | ||
| 040 |
_aLCO _cLCO _beng |
||
| 041 |
_2eng _aeng |
||
| 082 | _aX:972, K9 | ||
| 100 |
_aFLANDERS ALLAN _9151725 |
||
| 245 | 0 | _aCollective Bargaining. | |
| 260 |
_aOxford _bPenguin Books India _c1969 |
||
| 300 | _a431 | ||
| 650 |
_aBARGAINING _9702723 |
||
| 942 |
_hX:972, K9 _cTEXL |
||
| 999 |
_c1175605 _d1175605 |
||